00480nam a22001217a 4500003000900000005001700009008004100026040001300067245011000080260002000190300001500210520013300225IT-RoPau20220918181107.0130529b xxu||||| |||| 00| 0 eng d cIT-RoPau aProfessione religiosa di Vincenzo Santarcangelo e rinnovazione dei voti dei professi temporanei nella SSP aRomabSSPc1987 aSnpc21 cm aIndice Riti iniziali Liturgia della Parola Professione religiosa Rinnovazione dei voti Liturgia Eucaristica Riti di conclusione